Stolice położone blisko granicy z innym państwem - Statystyki

Ogólne statystyki
  • Ten quiz został rozwiązany 64 razy
    48 od ostatniego zresetowania
  • Średni wynik to 6 z 29
Statystyki odpowiedzi
Hint Odpowiedź % Poprawnych
3 Bratysława
77%
39 Wiedeń
61%
33 Wilno
48%
11 Luksemburg
41%
10 Asuncion
36%
39 Budapeszt
36%
12 Kinszasa
36%
15 Skopje
32%
40 Dublin
30%
21 Prisztina
30%
36 Seul
27%
47 Berno
25%
15 Singapur
20%
49 Buenos Aires
18%
2 Lome
18%
18 Biszkek
14%
22 Erywań
14%
8 Porto Novo
11%
26 Tbilisi
11%
4 Brazaville
9%
21 Damaszek
9%
29 Port-Au-Prince
9%
18 Dżibuti
7%
48 Thimpu
7%
20 Aszchabad
5%
15 Banjul
0%
50 Kiszynów
0%
12 Taszkient
0%
2 Wietnian
0%
Nie znaleziono quizów pasujących do podanych kryteriów
Rozkład punktacji
Procent ludzi z każdym wynikiem
Percentyl według liczby udzielonych odpowiedzi
Twoja historia wyników
Nie rozwiązałeś tego quizu od ostatniego zresetowania